| 000 | 00968nam a2200289 i 4500 | ||
|---|---|---|---|
| 001 | bg | ||
| 003 | BPK | ||
| 005 | 20230207124039.0 | ||
| 008 | 030425s1975 pl a f |000 0 pol | ||
| 015 | _aPB 1975/4018 | ||
| 040 |
_aWA N _cBPK |
||
| 041 | 0 | _apol | |
| 080 | _a628.32 | ||
| 080 | _a624.01.07 | ||
| 100 | 1 |
_aPląskowski, Zbigniew _d(1921-2009) _eAutor |
|
| 245 | 1 | 0 |
_aKonstrukcje budowlane w oczyszczalniach ścieków / _cZbigniew Pląskowski, Marek Roman. |
| 250 | _aWyd. 2 zm. i rozsz. | ||
| 260 |
_aWarszawa : _b"Arkady", _c1975. |
||
| 300 |
_a474, [1] s., [1] k. tabl. : _bil., tab., wykr. ; _c25 cm. |
||
| 504 | _aBibliogr. | ||
| 650 | 4 | _aOczyszczalnia ścieków | |
| 650 | 4 | _aKonstrukcje budowlane | |
| 710 | 2 |
_aWydawnictwo "Arkady". _4pbl. |
|
| 700 | 1 |
_aRoman, Marek _d(1931-2003) _eAutor |
|
| 856 |
_uhttp://koha.tu.koszalin.pl/cgi-bin/koha/opac-detail.pl?biblionumber=15935 _yKatalog online BPK |
||
| 942 |
_2UKD _cKS |
||
| 999 |
_c15935 _d15935 |
||